Pays de l'Union Européenne en 60 secondes - Statistiques

Statistiques générales
  • Ce quiz a été pris 78 fois
  • Le résultat moyen est 19 sur 27
Statistiques - réponses
Réponse % Correct
France
100%
Espagne
95%
Allemagne
89%
Portugal
89%
Italie
87%
Belgique
85%
Pologne
76%
Suède
76%
Pays-Bas
75%
Finlande
73%
Autriche
71%
Croatie
71%
Grèce
71%
Danemark
69%
Roumanie
69%
Irlande
64%
Luxembourg
62%
Slovénie
62%
Hongrie
60%
Lituanie
58%
Slovaquie
58%
Bulgarie
56%
Lettonie
56%
Estonie
55%
République Tchèque
45%
Chypre
42%
Malte
36%
Aucun quiz correspondant
Distribution des résultats
% des personnes avec chaque résultat
Percentile par nombre de réponses
Votre historique - résultats
Vous n’avez pas pris ce quiz